| 000 | 00000nam##2200000za#4500 |
| 001 | 9.633073 |
| 003 | CaOODSP |
| 005 | 20210624215141 |
| 007 | cr ||||||||||| |
| 008 | 150407|2004||||xxc|||||o f|0| 0 fre|d |
| 040 | |aCaOODSP|bfre |
| 043 | |an-cn--- |
| 086 | 1 |aSW21-71/2004F-PDF |
| 110 | 1 |aCanada. |bCondition féminine Canada. |
| 245 | 10|aQuestionnaire adressé aux gouvernements sur la mise en oeuvre du Programme d'action de Beijing (1995) et des Textes issus de la vingt-troisième session extraordinaire de l'Assemblée Générale (2000) : |h[ressource électronique]|bréponse du Canada Juin 2004 |
| 260 | |aOttawa - Ontario : |bCondition féminine Canada |c2004. |
| 300 | |a29p. |
| 590 | |a06-10-Supp|b2006-12-15 |
| 691 | 07|aAccord international|2gcpds |
| 691 | 07|aCondition de la femme|2gcpds |
| 691 | 07|aÉgalité des sexes|2gcpds |
| 775 | 08|tUN questionnaire to governments on implementation of the Beijing Platform for Action (1995) and the outcome of the twenty-third special session of the general assembly (2000) : |w(CaOODSP)9.688652 |
| 856 | 40|ahttp://publications.gc.ca|qPDF|s218 Ko|uhttps://publications.gc.ca/collections/Collection/SW21-71-2004F.pdf |